LEADER 01237nam0-2200421---450 001 990010113230403321 005 20180618140248.0 010 $a978-0-470-11539-8 035 $a001011323 035 $aFED01001011323 035 $a(Aleph)001011323FED01 035 $a001011323 100 $a20161024d2007----km-y0itay50------ba 101 0 $aeng 102 $aUS 105 $a--------001yy 200 1 $aTransport phenomena$fR. Byron Bird, Warren E. Stewart, Edwin N. Lightfoot 205 $arevised 2nd ed. 210 $aNew York$cJohn Wiley & Sons Inc.$dc2007 215 $aXII, 905 p.$d26 cm 610 0 $aMeccanica dei fluidi 676 $a530.138 700 1$aBird,$bR. Byron$09198 701 1$aStewart,$bWarren E.$0231 701 1$aLightfoot,$bEdwin N.$09199 801 0$aIT$bUNINA$gRICA$2UNIMARC 901 $aBK 912 $a990010113230403321 952 $a23 08 F 29$b1091 / 2016$fFINAG 952 $a23 08 D 06$b2028 / 2018$fFINAG 952 $a23 08 D 07$b2029 / 2018$fFINAG 952 $a13 05 03$b0996$fFINBC 952 $a13 H 16 20$b2026 / 2018$fFINBC 952 $a13 H 16 21$b2027 / 2018$fFINBC 959 $aFINBC 959 $aFINAG 996 $aTransport phenomena$9103109 997 $aUNINA LEADER 01014nam0-22003491i-450 001 990001627030403321 005 20200728130240.0 035 $a000162703 035 $aFED01000162703 035 $a(Aleph)000162703FED01 035 $a000162703 100 $a20030910d1979----km-y0itay50------ba 101 0 $aita 102 $aIT 105 $aa 001yy 200 1 $aBiochimica applicata$edalle lezioni di P.G. Righetti e G. Galli$f[a cura di] S. Cantaluppi e M. Righi 210 $aMilano$cCLESAV$d1979 215 $a222 p.$cill.$d24 cm 610 0 $aBiochimica 676 $a574.192 700 1$aRighetti,$bPier Giorgio$020410 701 1$aGalli,$bGiovanni Carlo$f<1939- >$0425321 702 1$aCantaluppi,$bSilvia 702 1$aRighi,$bM. 801 0$aIT$bUNINA$gRICA$2UNIMARC 901 $aBK 912 $a990001627030403321 952 $a60 574.192 B 12$b48069$fFAGBC 952 $a60 574.192 B 26$b49088$fFAGBC 959 $aFAGBC 996 $aBiochimica applicata$9366724 997 $aUNINA